[Event "Leamington Spa 4NCL op-C 28th"]
[Site "Leamington Spa"]
[Date "2022.07.10"]
[Round "5"]
[White "Holden, Hayden"]
[Black "Gomez, Mario"]
[Result "1-0"]
[WhiteElo "1562"]
[BlackElo "1315"]
[PlyCount "75"]
[EventDate "2022.07.08"]
[EventType "swiss"]
[EventRounds "5"]
[EventCountry "ENG"]
[SourceTitle "CBM 209 Extra"]
[Source "ChessBase"]
[SourceDate "2022.09.30"]
[SourceVersion "1"]
[SourceVersionDate "2022.09.30"]
[SourceQuality "1"]

1. e4 d6 2. d4 Nf6 3. Nc3 Nbd7 4. f4 e5 5. Nf3 exd4 6. Nxd4 Be7 7. Bd3 c6 8. 0-0 Qc7 9. Qe1 Kf8 10. Rf3 a6 11. Re3 Ng4 12. Rg3 h5 13. h3 Nh6 14. Re3 Bf6 15. Nf3 Be7 16. Nd1 b6 17. e5 dxe5 18. fxe5 Bc5 19. Qg3 Bxe3+ 20. Bxe3 Nf6 21. Qh4 Nd5 22. Bf2 Nf5 23. Qg5 g6 24. Bxf5 Bxf5 25. c4 Ne7 26. Bg3 Be6 27. Qf6 Kg8 28. Ng5 Bxc4 29. e6 Bxe6 30. Bxc7 Nd5 31. Qe5 Rc8 32. Nxe6 fxe6 33. Qxe6+ Kh7 34. Be5 Rhe8 35. Qf7+ Kh6 36. Bg7+ Kg5 37. Nc3 Re7 38. Bf6+ 1-0